[Event "African Championship 2013 Women"]
[Site "Hotel Sol Phebus - Tunis"]
[Date "2013.05.21"]
[Round "4.2"]
[White "Mezioud, Amina"]
[Black "Wafa, Shrook"]
[Result "0-1"]
[WhiteElo "2029"]
[BlackElo "1965"]
[PlyCount "110"]
[EventDate "2013.05.18"]
[EventRounds "9"]
[EventCountry "TUN"]

1. e4 c5 2. Nf3 Nc6 3. Bb5 g6 4. O-O Bg7 5. Re1 d6 6. c3 Bd7 7. Ba4 Nf6 8. d4
cxd4 9. Nxd4 O-O 10. h3 Qa5 11. Bc2 Rac8 12. Nb3 Qc7 13. Na3 a6 14. Be3 b5 15.
Qd2 Qb7 16. f3 Ne5 17. Nd4 a5 18. Bb3 Nc4 19. Nxc4 bxc4 20. Bd1 e5 21. Ne2 d5
22. exd5 Nxd5 23. Bf2 Rfd8 24. Qc1 Bf5 25. Bc2 Bd3 26. Ng3 Nf4 27. Ba4 h5 28.
Be3 Bh6 29. Bd1 Rb8 30. b3 Rbc8 31. Kh2 Qc7 32. Bd2 h4 33. Ne4 Bxe4 34. Rxe4
Nd3 35. Qc2 Bxd2 36. Qxd2 Nc5 37. Qh6 Nxe4 38. fxe4 Qe7 39. bxc4 Qf6 40. Bb3
Rd3 41. Kg1 Qf4 42. Qxf4 exf4 43. Rc1 Re3 44. Rd1 Rxe4 45. Rd2 Kf8 46. c5 Re7
47. Rd4 g5 48. Rd5 f6 49. c6 Rxc6 50. Rxa5 Rxc3 51. Rb5 f3 52. gxf3 Rxf3 53.
Bd5 Rxh3 54. a4 Ra3 55. a5 Ra7 0-1

[Event "African Championship 2013 Women"]
[Site "Hotel Sol Phebus - Tunis"]
[Date "2013.05.21"]
[Round "4.3"]
[White "Abdi, Zineb Dina"]
[Black "Tlale, Tshepang"]
[Result "1/2-1/2"]
[WhiteElo "1905"]
[BlackElo "1790"]
[PlyCount "95"]
[EventDate "2013.05.18"]
[EventRounds "9"]
[EventCountry "TUN"]

1. e4 c5 2. Nf3 d6 3. d4 cxd4 4. Nxd4 Nf6 5. Bd3 Nc6 6. Nxc6 bxc6 7. c4 g6 8.
Nc3 Bg7 9. O-O O-O 10. Qe2 Qc7 11. Bd2 Rb8 12. b3 Nd7 13. Rac1 Nc5 14. Bb1 Ne6
15. Be3 Nd4 16. Qd2 c5 17. Rcd1 a6 18. f4 e6 19. Ne2 Nxe2+ 20. Qxe2 Bb7 21. Qd2
Rbd8 22. f5 exf5 23. exf5 Qc6 24. Rf2 Rfe8 25. Kh1 Rd7 26. Bf4 Bd4 27. Re2 Rde7
28. Rxe7 Rxe7 29. Bd3 Re8 30. Bf1 d5 31. cxd5 Qxd5 32. fxg6 hxg6 33. Re1 Re4
34. Bg3 Qe6 35. Rxe4 Qxe4 36. Qe2 Qc6 37. Bf2 Qf6 38. Kg1 Kg7 39. Bxd4 cxd4 40.
g3 Qb6 41. Bg2 Bxg2 42. Kxg2 d3 43. Qd2 Qd4 44. Kf3 f5 45. h4 Qd5+ 46. Kf2 Qc5+
47. Kf3 Qc6+ 48. Kf2 1/2-1/2

[Event "African Championship 2013 Women"]
[Site "Hotel Sol Phebus - Tunis"]
[Date "2013.05.21"]
[Round "4.4"]
[White "Lopang, Tshepiso"]
[Black "Mudongo, Boikhutso"]
[Result "1/2-1/2"]
[WhiteElo "1784"]
[BlackElo "1875"]
[PlyCount "24"]
[EventDate "2013.05.18"]
[EventRounds "9"]
[EventCountry "TUN"]

1. d4 d5 2. c4 e6 3. Nc3 Nf6 4. Bf4 c6 5. cxd5 exd5 6. e3 Be7 7. Bd3 O-O 8. h3
Be6 9. Nf3 h6 10. O-O Nbd7 11. a3 Re8 12. Rc1 Qa5 1/2-1/2

[Event "African Championship 2013 Women"]
[Site "Hotel Sol Phebus - Tunis"]
[Date "2013.05.21"]
[Round "4.5"]
[White "Solomons, Anzel"]
[Black "Meddeb, Chadha"]
[Result "1-0"]
[WhiteElo "1931"]
[BlackElo "1677"]
[PlyCount "69"]
[EventDate "2013.05.18"]
[EventRounds "9"]
[EventCountry "TUN"]

1. d4 d5 2. c4 e6 3. Nc3 Nf6 4. Bg5 Be7 5. e3 c6 6. Nf3 Nbd7 7. Bd3 dxc4 8.
Bxc4 b5 9. Bd3 Bb7 10. a3 O-O 11. e4 a6 12. e5 Nd5 13. Bxe7 Qxe7 14. Ne4 Ra7
15. Nd6 c5 16. dxc5 Nxc5 17. Bxh7+ Kh8 18. Qd4 Nf4 19. Qxf4 Bxf3 20. Qxf3 Kxh7
21. O-O Qg5 22. b4 Nd7 23. Qd3+ g6 24. f4 Qe7 25. Rac1 Nb6 26. Rc6 Rb8 27. Rfc1
Rd7 28. Qd4 Qd8 29. Qe3 Kg7 30. g4 Nd5 31. Qe4 Qh4 32. Qf3 Rh8 33. Qg3 Qh6 34.
f5 exf5 35. Nxf5+ 1-0

[Event "African Championship 2013 Women"]
[Site "Hotel Sol Phebus - Tunis"]
[Date "2013.05.21"]
[Round "4.6"]
[White "Nouali, Djouher"]
[Black "Matoussi, Amani"]
[Result "1-0"]
[WhiteElo "1727"]
[BlackElo "1625"]
[PlyCount "97"]
[EventDate "2013.05.18"]
[EventRounds "9"]
[EventCountry "TUN"]

1. Nf3 Nf6 2. c4 Nc6 3. d4 d5 4. cxd5 Nxd5 5. e4 Nb6 6. d5 Nb8 7. Be3 e6 8.
dxe6 Qxd1+ 9. Kxd1 Bxe6 10. Nd4 Bc4 11. b3 Bxf1 12. Rxf1 Na6 13. Ke2 O-O-O 14.
Nd2 Bb4 15. N2f3 Rhe8 16. Ng5 h6 17. Nxf7 Rd7 18. Nxh6 gxh6 19. f3 Bc3 20. Rad1
Bxd4 21. Rxd4 Rxd4 22. Bxd4 Nd5 23. Kf2 Ne7 24. Rc1 Nb4 25. Rc4 Nbc6 26. Be3
Ng8 27. b4 Ne5 28. Rc3 a6 29. a4 Rd8 30. Ke2 Rd7 31. h3 Nf7 32. f4 Nf6 33. Kf3
Re7 34. e5 Nd5 35. Rc4 Nxe3 36. Kxe3 Kd8 37. g4 Kd7 38. Kf3 Rxe5 39. Rd4+ Ke6
40. fxe5 Nxe5+ 41. Ke2 b6 42. Ke3 c5 43. bxc5 bxc5 44. Re4 Kd5 45. Rf4 Nc4+ 46.
Kd3 Ne5+ 47. Kc3 Ke6 48. Rf8 a5 49. Rh8 1-0

[Event "African Championship 2013 Women"]
[Site "Hotel Sol Phebus - Tunis"]
[Date "2013.05.21"]
[Round "4.7"]
[White "Abdelmenaem, Sohayla"]
[Black "Lahmar, Chaima"]
[Result "0-1"]
[WhiteElo "1766"]
[BlackElo "1509"]
[PlyCount "46"]
[EventDate "2013.05.18"]
[EventRounds "9"]
[EventCountry "TUN"]

1. d4 d5 2. c4 e6 3. Nc3 Nf6 4. Bg5 c6 5. cxd5 cxd5 6. e3 Nbd7 7. Nf3 Qa5 8.
Bxf6 Nxf6 9. a3 Ne4 10. Rc1 Nxc3 11. Rxc3 Bxa3 12. Nd2 Bxb2 13. Rb3 Bc3 14.
Bb5+ Ke7 15. Qc2 Bxd2+ 16. Qxd2 Qa1+ 17. Ke2 Qxh1 18. Qb4+ Kf6 19. e4 dxe4 20.
Qd6 Qc1 21. f4 h6 22. Qe5+ Ke7 23. d5 Qc5 0-1

[Event "African Championship 2013 Women"]
[Site "Hotel Sol Phebus - Tunis"]
[Date "2013.05.21"]
[Round "4.8"]
[White "Baktach, Nesrine"]
[Black "Marzouk, Amira"]
[Result "0-1"]
[WhiteElo "1684"]
[BlackElo "1651"]
[PlyCount "108"]
[EventDate "2013.05.18"]
[EventRounds "9"]
[EventCountry "TUN"]

1. e4 e6 2. d4 d5 3. Nc3 dxe4 4. Nxe4 Nd7 5. Nf3 Ngf6 6. Nxf6+ Nxf6 7. Bf4 Be7
8. Bd3 O-O 9. O-O b6 10. Re1 Bb7 11. c3 c5 12. dxc5 Bxc5 13. Qe2 Qd5 14. Bc4
Qh5 15. Ne5 Qxe2 16. Rxe2 Rad8 17. b4 Be7 18. Bg5 h6 19. Bh4 g5 20. Bg3 Ne4 21.
Re3 Nxg3 22. Rxg3 Bf6 23. Ng4 Bg7 24. Rh3 Rc8 25. Bb3 Bxc3 26. Nxh6+ Kg7 27.
Rc1 Bxb4 28. Rxc8 Rxc8 29. f3 Rh8 30. Ng4 Rxh3 31. gxh3 Bxf3 32. Kf2 Bxg4 33.
hxg4 Kf6 34. Kf3 Ke5 35. h3 Kd4 36. Ke2 Ke4 37. Bc2+ Kf4 38. Kf2 Bc5+ 39. Kg2
e5 40. Bb3 f6 41. Bc4 e4 42. Bb5 e3 43. Be2 Ke4 44. Kg3 Kd4 45. Kf3 Kc3 46. Bd1
Kb2 47. Bb3 a5 48. Ke2 b5 49. Bd5 b4 50. Bb3 a4 51. Bxa4 Kxa2 52. Bc2 b3 53.
Bd3 b2 54. Bc4+ Ka1 0-1

[Event "African Championship 2013 Women"]
[Site "Hotel Sol Phebus - Tunis"]
[Date "2013.05.22"]
[Round "5.1"]
[White "Moaataz, Ayah"]
[Black "Wafa, Shrook"]
[Result "0-1"]
[WhiteElo "1923"]
[BlackElo "1965"]
[PlyCount "124"]
[EventDate "2013.05.18"]
[EventRounds "9"]
[EventCountry "TUN"]

1. c4 e5 2. Nc3 Nc6 3. g3 f5 4. Bg2 Nf6 5. a3 g6 6. d3 Bg7 7. Nf3 O-O 8. O-O d6
9. Rb1 a5 10. Bd2 Nh5 11. Ng5 Ne7 12. Qb3 c6 13. c5+ d5 14. e4 Nf6 15. f4 exf4
16. Bxf4 h6 17. Nf3 fxe4 18. dxe4 a4 19. Nxa4 Nxe4 20. Rbc1 Qa5 21. Nb6 Nxc5
22. Rxc5 Qxc5+ 23. Be3 Qa5 24. Nxa8 Qxa8 25. Bc5 Re8 26. Qe3 Bf8 27. Nh4 Bf5
28. Qf2 Qc8 29. g4 Be6 30. Bd4 c5 31. Bxc5 g5 32. Nf3 Ng6 33. Bxf8 Rxf8 34. Qd4
Nf4 35. Qe5 Qc2 36. Ne1 Qc5+ 37. Kh1 Bxg4 38. Rg1 Nxg2 39. Nxg2 Bf3 40. Qe6+
Kg7 41. Qe5+ Kh7 42. Re1 Be4 43. h3 Qf2 44. Rxe4 dxe4 45. Qxe4+ Qf5 46. Qxb7+
Rf7 47. Qb3 Rd7 48. Qe3 Qd3 49. Qe6 Qd1+ 50. Ne1 Qd5+ 51. Qxd5 Rxd5 52. Nf3 Rd3
53. Ne5 Rxh3+ 54. Kg2 Rb3 55. Nc4 h5 56. Kf2 h4 57. Kg2 g4 58. Kh2 h3 59. a4
Rb4 60. b3 Rxb3 61. a5 Rb4 62. Ne3 Rb2+ 0-1

[Event "African Championship 2013 Women"]
[Site "Hotel Sol Phebus - Tunis"]
[Date "2013.05.22"]
[Round "5.2"]
[White "Mudongo, Boikhutso"]
[Black "Abdi, Zineb Dina"]
[Result "1/2-1/2"]
[WhiteElo "1875"]
[BlackElo "1905"]
[PlyCount "129"]
[EventDate "2013.05.18"]
[EventRounds "9"]
[EventCountry "TUN"]

1. e4 e5 2. Nf3 Nc6 3. Bb5 a6 4. Ba4 Nf6 5. O-O b5 6. Bb3 Be7 7. Re1 d6 8. c3
O-O 9. h3 Na5 10. Bc2 c5 11. d4 Qc7 12. Nbd2 cxd4 13. cxd4 Nc6 14. d5 Nb4 15.
Bb1 a5 16. Nf1 Bd7 17. Bd2 Na6 18. Bc2 b4 19. Rc1 Nc5 20. Ng3 Rfb8 21. Be3 Rc8
22. Nh2 a4 23. Ng4 Nxg4 24. hxg4 g6 25. Rf1 Bb5 26. Re1 Bh4 27. Nf1 Bf6 28. Nd2
Qd7 29. Nf1 Rc7 30. Qf3 Bg7 31. Red1 Rac8 32. Bb1 b3 33. a3 Nb7 34. Rxc7 Rxc7
35. Rc1 Rxc1 36. Bxc1 Qc7 37. Bd2 Na5 38. Qc3 Qxc3 39. Bxc3 Nc4 40. Nd2 Nxd2
41. Bxd2 Kf8 42. f3 Bf6 43. g3 Bd8 44. Be3 Ke7 45. Kf2 Ba5 46. g5 f6 47. gxf6+
Kxf6 48. f4 Bc7 49. Kf3 h5 50. g4 hxg4+ 51. Kxg4 Be2+ 52. Kg3 Ba5 53. Kf2 Bb5
54. Kf3 Be1 55. Bc1 Ke7 56. fxe5 dxe5 57. Kg4 Be2+ 58. Kg5 Kf7 59. Be3 Bg3 60.
Bd2 Bf2 61. Kh6 Bg3 62. Kg5 Bf2 63. Bc1 Bd4 64. Kh4 Kf6 65. Bg5+ 1/2-1/2

[Event "African Championship 2013 Women"]
[Site "Hotel Sol Phebus - Tunis"]
[Date "2013.05.22"]
[Round "5.3"]
[White "Tlale, Tshepang"]
[Black "Elansary, Eman"]
[Result "0-1"]
[WhiteElo "1790"]
[BlackElo "1859"]
[PlyCount "98"]
[EventDate "2013.05.18"]
[EventRounds "9"]
[EventCountry "TUN"]

1. e4 Nf6 2. e5 Nd5 3. c4 Nb6 4. d4 d6 5. exd6 cxd6 6. Nc3 g6 7. Be3 Bg7 8. Rc1
O-O 9. Nf3 e5 10. Be2 Nc6 11. O-O h6 12. dxe5 dxe5 13. c5 Nd7 14. b3 b6 15. Bb5
Bb7 16. cxb6 Nxb6 17. Bc5 Qxd1 18. Rfxd1 Rfd8 19. Ne2 Rxd1+ 20. Rxd1 Rd8 21.
Rxd8+ Nxd8 22. Nd2 Ne6 23. b4 a6 24. Be8 Nd5 25. Nc4 Nd8 26. Nd6 Ba8 27. a4 Bf8
28. Ng3 Nf6 29. Bb5 axb5 30. axb5 Nb7 31. Nxb7 Bxb7 32. f3 Nd7 33. Bxf8 Kxf8
34. Ne4 Bxe4 35. fxe4 Ke7 36. Kf2 Kd6 37. Ke3 Kc7 38. Kd3 Nb6 39. g4 Kd6 40. h4
g5 41. hxg5 hxg5 42. Kc3 Nd7 43. Kc4 Nf6 44. b6 Kc6 45. b7 Kxb7 46. Kc5 Nxe4+
47. Kd5 Nf6+ 48. Kxe5 Nxg4+ 49. Kf5 f6 0-1

[Event "African Championship 2013 Women"]
[Site "Hotel Sol Phebus - Tunis"]
[Date "2013.05.22"]
[Round "5.4"]
[White "Solomons, Anzel"]
[Black "Lopang, Tshepiso"]
[Result "1/2-1/2"]
[WhiteElo "1931"]
[BlackElo "1784"]
[PlyCount "46"]
[EventDate "2013.05.18"]
[EventRounds "9"]
[EventCountry "TUN"]

1. d4 d5 2. Nf3 Nf6 3. Bf4 c6 4. e3 Bf5 5. Bd3 Bxd3 6. Qxd3 e6 7. Nbd2 Be7 8.
h3 Nbd7 9. O-O O-O 10. c4 c5 11. Rac1 cxd4 12. exd4 dxc4 13. Nxc4 h6 14. Ne3
Rc8 15. Rfd1 Nb6 16. a3 Nbd5 17. Bh2 Nxe3 18. Rxc8 Qxc8 19. fxe3 Qd7 20. e4 Rc8
21. d5 exd5 22. exd5 Bc5+ 23. Kh1 Bd6 1/2-1/2

[Event "African Championship 2013 Women"]
[Site "Hotel Sol Phebus - Tunis"]
[Date "2013.05.22"]
[Round "5.5"]
[White "Marzouk, Amira"]
[Black "Mezioud, Amina"]
[Result "0-1"]
[WhiteElo "1651"]
[BlackElo "2029"]
[PlyCount "80"]
[EventDate "2013.05.18"]
[EventRounds "9"]
[EventCountry "TUN"]

1. e4 d6 2. d4 Nf6 3. Nc3 Nbd7 4. f3 e5 5. Nge2 g6 6. Be3 Bg7 7. Qd2 exd4 8.
Nxd4 Ne5 9. Be2 Bd7 10. O-O-O a6 11. h3 b5 12. f4 b4 13. Nd5 Nxe4 14. Qxb4 Rb8
15. Qa5 c5 16. Qxd8+ Kxd8 17. fxe5 cxd4 18. Bxd4 Bxe5 19. Bb6+ Ke8 20. Nc7+ Kf8
21. Bd4 Bxd4 22. Rxd4 Ng3 23. Re1 Rc8 24. Nd5 Re8 25. Nc3 Nxe2+ 26. Rxe2 Rxe2
27. Nxe2 Ke7 28. Nc3 Bc6 29. Nd5+ Kd7 30. Nf6+ Ke6 31. Ng4 Bxg2 32. h4 f5 33.
Ne3 Bc6 34. Kd2 h6 35. a4 g5 36. hxg5 hxg5 37. Rc4 Bf3 38. Nf1 g4 39. Ke3 Rh3
40. Kf4 Be2 0-1

[Event "African Championship 2013 Women"]
[Site "Hotel Sol Phebus - Tunis"]
[Date "2013.05.22"]
[Round "5.6"]
[White "Lahmar, Chaima"]
[Black "Nouali, Djouher"]
[Result "1/2-1/2"]
[WhiteElo "1509"]
[BlackElo "1727"]
[PlyCount "131"]
[EventDate "2013.05.18"]
[EventRounds "9"]
[EventCountry "TUN"]

1. e4 d6 2. d4 Nf6 3. Nc3 c6 4. Nf3 Bg4 5. Be2 g6 6. h3 Bc8 7. O-O Bg7 8. e5
dxe5 9. dxe5 Nd5 10. Nxd5 Qxd5 11. Qxd5 cxd5 12. Rd1 e6 13. c4 dxc4 14. Bxc4
O-O 15. Bg5 a6 16. Rac1 Nc6 17. Bf6 Bxf6 18. exf6 Re8 19. a3 h6 20. Ba2 e5 21.
Rd6 Bf5 22. Nh4 Rad8 23. Nxf5 gxf5 24. Rd5 Kh7 25. Rxd8 Nxd8 26. Rc7 Rf8 27.
Re7 e4 28. Bd5 b6 29. Ra7 a5 30. Ra6 Re8 31. Rxb6 Re5 32. Rd6 Ne6 33. b4 axb4
34. axb4 Kg6 35. b5 Nc7 36. b6 Nxd5 37. b7 Re8 38. Rxd5 Rb8 39. Rb5 Kxf6 40.
Kf1 f4 41. Ke2 Ke6 42. g3 fxg3 43. fxg3 f5 44. Ke3 h5 45. Kf4 e3 46. Kxe3 Kf6
47. Kf4 Ke6 48. Rxf5 Rxb7 49. Rxh5 Rb4+ 50. Kg5 Kf7 51. Kh6 Kf6 52. g4 Kf7 53.
Rf5+ Kg8 54. Kg6 Rb6+ 55. Rf6 Rb7 56. h4 Rg7+ 57. Kf5 Kh7 58. g5 Ra7 59. Re6
Ra5+ 60. Kf6 Ra4 61. g6+ Kh6 62. g7 Kh7 63. Kf7 Ra7+ 64. Re7 Rxe7+ 65. Kxe7
Kxg7 66. h5 1/2-1/2

[Event "African Championship 2013 Women"]
[Site "Hotel Sol Phebus - Tunis"]
[Date "2013.05.22"]
[Round "5.7"]
[White "Meddeb, Chadha"]
[Black "Matoussi, Amani"]
[Result "1/2-1/2"]
[WhiteElo "1677"]
[BlackElo "1625"]
[PlyCount "101"]
[EventDate "2013.05.18"]
[EventRounds "9"]
[EventCountry "TUN"]

1. e4 e5 2. Nf3 Nf6 3. Nc3 Nc6 4. d4 exd4 5. Nxd4 Bb4 6. Nxc6 Bxc3+ 7. bxc3
bxc6 8. Bd3 O-O 9. O-O d6 10. Bg5 h6 11. Bh4 Qe7 12. f4 Qe6 13. Qf3 Bd7 14. c4
Rae8 15. Rfe1 Qg4 16. Bxf6 Qxf3 17. gxf3 gxf6 18. Kf2 Kh8 19. Rab1 Rb8 20. Rb3
c5 21. e5 fxe5 22. fxe5 Rxb3 23. cxb3 Re8 24. f4 a5 25. Re3 h5 26. exd6 Rxe3
27. Kxe3 cxd6 28. Ke4 Bc6+ 29. Kf5 Kg7 30. Be2 h4 31. Kg5 Be4 32. Kxh4 Bb1 33.
Bd1 Bxa2 34. Bc2 a4 35. bxa4 Bxc4 36. Kg5 d5 37. f5 d4 38. f6+ Kg8 39. Kf4 d3
40. Bd1 Ba6 41. Ke3 Kh7 42. Bf3 Kg6 43. Be4+ Kxf6 44. Bxd3 Bb7 45. Kf4 Bd5 46.
a5 c4 47. Bc2 Bb7 48. h4 Kg7 49. Ke5 Kh6 50. Be4 Ba6 51. Kf6 1/2-1/2

[Event "African Championship 2013 Women"]
[Site "Hotel Sol Phebus - Tunis"]
[Date "2013.05.22"]
[Round "5.8"]
[White "Abdelmenaem, Sohayla"]
[Black "Baktach, Nesrine"]
[Result "0-1"]
[WhiteElo "1766"]
[BlackElo "1684"]
[PlyCount "86"]
[EventDate "2013.05.18"]
[EventRounds "9"]
[EventCountry "TUN"]

1. d4 d5 2. c4 e6 3. Nc3 Nf6 4. Bg5 Be7 5. e3 c6 6. cxd5 exd5 7. Qc2 h6 8. Bh4
Nbd7 9. Bd3 Nb6 10. Nge2 O-O 11. O-O Be6 12. f3 Rc8 13. Rad1 Re8 14. Nf4 Bd7
15. Bf2 Bd6 16. Nce2 Qc7 17. g3 c5 18. e4 dxe4 19. fxe4 cxd4 20. Qb1 Be5 21.
Rc1 Qb8 22. Bxd4 Bxd4+ 23. Nxd4 Qe5 24. Nf3 Qe7 25. Rce1 Bc6 26. h3 Rcd8 27. e5
Qc5+ 28. Kh2 Bxf3 29. exf6 Rxe1 30. Qxe1 Bc6 31. fxg7 Kxg7 32. Qe2 Re8 33. Qg4+
Qg5 34. Nh5+ Kf8 35. Qb4+ Qe7 36. Qf4 Qe6 37. Nf6 Rd8 38. Qxh6+ Ke7 39. Qg5
Rxd3 40. Ne4+ Kf8 41. Qc5+ Qe7 42. Qxe7+ Kxe7 43. Nf2 Rd2 0-1

[Event "African Championship 2013 Women"]
[Site "Hotel Sol Phebus - Tunis"]
[Date "2013.05.24"]
[Round "6.1"]
[White "Wafa, Shrook"]
[Black "Mudongo, Boikhutso"]
[Result "1-0"]
[WhiteElo "1965"]
[BlackElo "1875"]
[PlyCount "163"]
[EventDate "2013.05.18"]
[EventRounds "9"]
[EventCountry "TUN"]

1. e4 c5 2. Nf3 d6 3. d4 cxd4 4. Nxd4 Nf6 5. Nc3 a6 6. Bg5 e6 7. f4 Nbd7 8. Qf3
Qc7 9. O-O-O h6 10. Bh4 Be7 11. Qg3 g5 12. fxg5 Nh5 13. Qe3 Ne5 14. Be2 hxg5
15. Bxg5 Bxg5 16. Qxg5 Qe7 17. Qxe7+ Kxe7 18. Rhf1 Nf6 19. h3 b5 20. a3 Bb7 21.
Bd3 Rag8 22. Rf2 Rh4 23. Re1 Rg3 24. Kd2 Nh5 25. Nde2 Rg7 26. Ref1 Ng3 27. Nxg3
Rxg3 28. Ne2 Rg7 29. Nf4 Rg3 30. Ne2 Rg7 31. Nc3 Rg3 32. Re1 Rg7 33. Re3 Bc6
34. b3 Bb7 35. Bf1 Rh8 36. g4 Rh4 37. Ne2 Rh8 38. Nf4 Rgg8 39. Bg2 Rc8 40. Nd3
Ng6 41. e5 Bxg2 42. exd6+ Kxd6 43. Rxg2 Rc7 44. Rf2 Rhc8 45. Kd1 Ke7 46. Ref3
Kf8 47. b4 Rd8 48. Ke1 Kg7 49. Nc5 Rd6 50. Rd2 Rxd2 51. Kxd2 Ne5 52. Rc3 Rc6
53. a4 Nc4+ 54. Ke2 Ne5 55. axb5 axb5 56. Ne4 f5 57. gxf5 exf5 58. Rxc6 Nxc6
59. Nd6 Nxb4 60. Nxf5+ Kf6 61. Nd4 Nd5 62. Kf3 b4 63. Nc6 Kf5 64. h4 Kg6 65.
Ke4 Nc3+ 66. Kd3 Kh5 67. Nxb4 Na4 68. Nd5 Kxh4 69. Kc4 Nb2+ 70. Kb3 Nd1 71. c4
Nf2 72. c5 Ne4 73. c6 Kg5 74. Kb4 Kf5 75. c7 Nd6 76. Kc5 Ke6 77. Kc6 Nc8 78.
Nb6 Nd6 79. Nc4 Nc8 80. Kb7 Ne7 81. Na5 Nf5 82. c8=Q+ 1-0

[Event "African Championship 2013 Women"]
[Site "Hotel Sol Phebus - Tunis"]
[Date "2013.05.24"]
[Round "6.2"]
[White "Abdi, Zineb Dina"]
[Black "Moaataz, Ayah"]
[Result "1/2-1/2"]
[WhiteElo "1905"]
[BlackElo "1923"]
[PlyCount "65"]
[EventDate "2013.05.18"]
[EventRounds "9"]
[EventCountry "TUN"]

1. e4 c6 2. d4 d5 3. Nc3 dxe4 4. Nxe4 Nd7 5. Ng5 Ngf6 6. Bd3 e6 7. N1f3 Bd6 8.
Qe2 h6 9. Ne4 Nxe4 10. Qxe4 Nf6 11. Qh4 Qc7 12. O-O b6 13. Re1 Bb7 14. Bg5 Qe7
15. Bf4 O-O-O 16. Bxd6 Qxd6 17. Qg3 g5 18. Qxd6 Rxd6 19. Ne5 Rf8 20. c3 Nd5 21.
g3 Kd8 22. Re2 Ke7 23. Rae1 Rc8 24. Be4 Nf6 25. Bg2 Ba6 26. Rd2 Nd7 27. Red1 c5
28. Nxd7 Rxd7 29. dxc5 Rxd2 30. Rxd2 Rxc5 31. Bf1 Bb7 32. Bg2 Ba6 33. Bf1
1/2-1/2

[Event "African Championship 2013 Women"]
[Site "Hotel Sol Phebus - Tunis"]
[Date "2013.05.24"]
[Round "6.3"]
[White "Elansary, Eman"]
[Black "Lopang, Tshepiso"]
[Result "1-0"]
[WhiteElo "1859"]
[BlackElo "1784"]
[PlyCount "109"]
[EventDate "2013.05.18"]
[EventRounds "9"]
[EventCountry "TUN"]

1. d4 Nf6 2. c4 e6 3. Nc3 Bb4 4. Qc2 b6 5. Bg5 Bb7 6. Nf3 O-O 7. e3 h6 8. Bh4
d6 9. Bd3 Nbd7 10. O-O Bxc3 11. bxc3 Qc8 12. e4 e5 13. Bxf6 Nxf6 14. dxe5 dxe5
15. Nxe5 c5 16. f4 Qe6 17. Rae1 Rad8 18. Nf3 Rfe8 19. e5 Nd7 20. Bf5 Qe7 21. e6
Nf6 22. exf7+ Qxf7 23. Ne5 Qc7 24. Ng6 Rd6 25. Rxe8+ Nxe8 26. Re1 Qd8 27. Be6+
Rxe6 28. Rxe6 Nf6 29. Qe2 Kh7 30. Ne7 Qd7 31. Qc2+ Kh8 32. Ng6+ Kg8 33. Re7 Qc6
34. Qd2 Kh7 35. Nf8+ Kh8 36. Ne6 Qe4 37. Nf8 Qb1+ 38. Re1 Qf5 39. Qd8 Qg4 40.
Ne6+ Kh7 41. Nf8+ Kh8 42. Ne6+ Kh7 43. Qd3+ Kg8 44. g3 Qh5 45. Qd8+ Kh7 46. Qe7
Qg4 47. Qxb7 Nh5 48. Qe4+ Kg8 49. f5 Qh3 50. Nf4 Nxf4 51. Qxf4 Qh5 52. Qb8+ Kh7
53. Qe8 Qxf5 54. Qe4 Qxe4 55. Rxe4 1-0

[Event "African Championship 2013 Women"]
[Site "Hotel Sol Phebus - Tunis"]
[Date "2013.05.24"]
[Round "6.4"]
[White "Mezioud, Amina"]
[Black "Nouali, Djouher"]
[Result "1-0"]
[WhiteElo "2029"]
[BlackElo "1727"]
[PlyCount "72"]
[EventDate "2013.05.18"]
[EventRounds "9"]
[EventCountry "TUN"]

1. e4 e5 2. Nf3 d6 3. d4 Nf6 4. Nc3 Nbd7 5. Bg5 Be7 6. Bc4 c6 7. a4 Qa5 8. O-O
O-O 9. Rb1 Qb4 10. Bb3 h6 11. Bh4 exd4 12. Nxd4 Nc5 13. Re1 Nxb3 14. cxb3 Re8
15. h3 a6 16. Re3 c5 17. Nc2 Qa5 18. Bxf6 Bxf6 19. Qxd6 Be5 20. Qd1 Be6 21. Nd5
Rad8 22. Rd3 Kh8 23. Nce3 b5 24. Kh1 Rc8 25. f4 Bd4 26. b4 Qxa4 27. b3 Qa3 28.
Nc2 Qa2 29. Nxd4 Bxd5 30. Rd2 Qa3 31. exd5 cxd4 32. d6 Re3 33. d7 Rd8 34. Rxd4
Rxd7 35. Rxd7 Qxb4 36. Rxf7 Qe4 1-0

[Event "African Championship 2013 Women"]
[Site "Hotel Sol Phebus - Tunis"]
[Date "2013.05.24"]
[Round "6.5"]
[White "Tlale, Tshepang"]
[Black "Solomons, Anzel"]
[Result "1-0"]
[WhiteElo "1790"]
[BlackElo "1931"]
[PlyCount "85"]
[EventDate "2013.05.18"]
[EventRounds "9"]
[EventCountry "TUN"]

1. e4 e5 2. Nc3 Nf6 3. f4 d5 4. exd5 Nxd5 5. fxe5 Qh4+ 6. Ke2 Bg4+ 7. Nf3 Nc6
8. Nxd5 Bxf3+ 9. gxf3 Qc4+ 10. d3 Qxd5 11. c3 Qxe5+ 12. Kf2 O-O-O 13. d4 Qh5
14. Bd3 Qh4+ 15. Kg2 Re8 16. f4 Bd6 17. Qf3 g6 18. Be3 f5 19. Rae1 Ne7 20. c4
c6 21. d5 c5 22. Bd2 Qg4+ 23. Qxg4 fxg4 24. Bc3 Rhg8 25. Be5 Kd7 26. Bc2 b5 27.
Bxd6 Kxd6 28. Re6+ Kd7 29. Rhe1 Nf5 30. Bxf5 gxf5 31. Rxe8 Rxe8 32. Rxe8 Kxe8
33. b3 a6 34. Kg3 Kf7 35. Kh4 Kg6 36. d6 Kf6 37. Kh5 Ke6 38. Kg5 Kxd6 39. Kxf5
h5 40. Kg5 Ke6 41. f5+ Ke5 42. f6 Ke6 43. Kg6 1-0

[Event "African Championship 2013 Women"]
[Site "Hotel Sol Phebus - Tunis"]
[Date "2013.05.24"]
[Round "6.6"]
[White "Lahmar, Chaima"]
[Black "Marzouk, Amira"]
[Result "1/2-1/2"]
[WhiteElo "1509"]
[BlackElo "1651"]
[PlyCount "80"]
[EventDate "2013.05.18"]
[EventRounds "9"]
[EventCountry "TUN"]

1. e4 e6 2. d4 d5 3. exd5 exd5 4. Nf3 Bd6 5. Bd3 Ne7 6. O-O Bg4 7. h3 Bh5 8.
Be3 Nbc6 9. Nbd2 Qd7 10. c3 O-O-O 11. Bb5 f6 12. Ne5 Qe8 13. Nxc6 Nxc6 14. Bxc6
bxc6 15. Qa4 g5 16. c4 g4 17. cxd5 cxd5 18. Qxe8 Rdxe8 19. hxg4 Bxg4 20. Rfe1
Rhg8 21. g3 h5 22. Nf1 h4 23. Bd2 Ref8 24. Kg2 h3+ 25. Kh2 f5 26. f4 Rh8 27. a3
Kb7 28. Rac1 Bf3 29. Rc3 Be4 30. Rb3+ Kc8 31. Bb4 Rf6 32. Bxd6 Rxd6 33. Rc1 Rb6
34. Nd2 Bg2 35. Re1 Kd7 36. Ree3 Rxb3 37. Nxb3 Re8 38. Nc5+ Kd8 39. Nb7+ Kd7
40. Nc5+ Kd8 1/2-1/2

[Event "African Championship 2013 Women"]
[Site "Hotel Sol Phebus - Tunis"]
[Date "2013.05.24"]
[Round "6.7"]
[White "Matoussi, Amani"]
[Black "Baktach, Nesrine"]
[Result "1/2-1/2"]
[WhiteElo "1625"]
[BlackElo "1684"]
[PlyCount "38"]
[EventDate "2013.05.18"]
[EventRounds "9"]
[EventCountry "TUN"]

1. e4 d5 2. exd5 Nf6 3. Bb5+ Bd7 4. Bxd7+ Qxd7 5. Nf3 Nxd5 6. O-O e6 7. Nc3
Nxc3 8. dxc3 Qxd1 9. Rxd1 Nc6 10. Bf4 Rc8 11. Rd2 f6 12. Rad1 e5 13. Bg3 Bd6
14. a3 O-O 15. b4 a6 16. c4 Rfd8 17. c5 Be7 18. Rxd8+ Rxd8 19. Rxd8+ Bxd8
1/2-1/2

[Event "African Championship 2013 Women"]
[Site "Hotel Sol Phebus - Tunis"]
[Date "2013.05.24"]
[Round "6.8"]
[White "Meddeb, Chadha"]
[Black "Abdelmenaem, Sohayla"]
[Result "0-1"]
[WhiteElo "1677"]
[BlackElo "1766"]
[PlyCount "77"]
[EventDate "2013.05.18"]
[EventRounds "9"]
[EventCountry "TUN"]

1. e4 c5 2. c3 Nc6 3. d4 cxd4 4. cxd4 d5 5. e5 e6 6. Nc3 Nge7 7. Nf3 Bd7 8. Be2
Ng6 9. O-O Be7 10. a3 a5 11. Be3 O-O 12. Qd2 f6 13. exf6 Bxf6 14. Na4 b6 15.
Rac1 Nce7 16. Nc3 Nf5 17. Bf4 Nxf4 18. Qxf4 Nh4 19. Rcd1 Nxf3+ 20. Bxf3 Bg5 21.
Qe5 Bf4 22. Qe2 Qg5 23. g3 Bd6 24. Bg2 Qd8 25. Rfe1 Rc8 26. Qe3 b5 27. Nxb5
Bxb5 28. Qxe6+ Kh8 29. Qxd5 Bc6 30. Qb3 Qf6 31. f4 Bxg2 32. Kxg2 Rb8 33. Qc3
Rfc8 34. Qd2 Qf5 35. Rc1 Qd5+ 36. Kg1 Rd8 37. Rc2 Bc5 38. Kf1 Bxd4 39. Qe2 0-1